BIBLIOTECA PODER JUDICIAL
Portal Judicial TDF

La teoría de la imprevisión en el ámbito de la contratación de criptomonedas / (Registro nro. 5365)

000 -LEADER
fixed length control field 01192nab a22002297a 4500
003 - CONTROL NUMBER IDENTIFIER
control field OSt
005 - DATE AND TIME OF LATEST TRANSACTION
control field 20250225233229.0
008 - FIXED-LENGTH DATA ELEMENTS--GENERAL INFORMATION
fixed length control field 190603e xxum|||| |||| 00| 0 spa d
040 ## - CATALOGING SOURCE
Transcribing agency PJ-TDF
100 ## - MAIN ENTRY--PERSONAL NAME
9 (RLIN) 6016
Personal name Padilla, Nicolás
245 13 - TITLE STATEMENT
Title La teoría de la imprevisión en el ámbito de la contratación de criptomonedas /
Statement of responsibility, etc Nicolás Padilla.
260 ## - PUBLICATION, DISTRIBUTION, ETC. (IMPRINT)
Date of publication, distribution, etc Ciudad Autónoma de Buenos Aires :
Place of publication, distribution, etc Thomson Reuters La Ley,
Name of publisher, distributor, etc 2024.
300 ## - PHYSICAL DESCRIPTION
Extent p. 72-77
500 ## - GENERAL NOTE
General note Cita: TR LALEY AR/DOC/2773/2024.<br/>
505 ## - FORMATTED CONTENTS NOTE
Formatted contents note Sumario: I. Introducción.— II. ¿Podemos recurrir al auxilio de la "imprevisión" al utilizar un medio de pago tan volátil?— III. ¿Qué sería una alteración extraordinaria en el valor de las criptomonedas?— IV. Una posible alternativa: las stablecoins.— V. Conclusión.
505 ## - FORMATTED CONTENTS NOTE
Title ¿Te interesa el texto completo? Solicitalo al correo: koha@justierradelfuego.gov.ar
650 #0 - SUBJECT ADDED ENTRY--TOPICAL TERM
9 (RLIN) 6399
Topical term or geographic name as entry element MONEDA VIRTUAL
650 #0 - SUBJECT ADDED ENTRY--TOPICAL TERM
9 (RLIN) 6398
Topical term or geographic name as entry element CRIPTOMONEDA
650 #0 - SUBJECT ADDED ENTRY--TOPICAL TERM
9 (RLIN) 3745
Topical term or geographic name as entry element TEORÍA DE LA IMPREVISIÓN
773 0# - HOST ITEM ENTRY
Host Biblionumber 2713
Host Itemnumber 3170
Place, publisher, and date of publication Ciudad Autónoma de Buenos Aires : Thomson Reuters La Ley, 2015-
Title Revista Código Civil y Comercial. Nº 6 - Diciembre 2024
942 ## - ADDED ENTRY ELEMENTS (KOHA)
Source of classification or shelving scheme
Koha item type Analítica Artículo de Revista

No hay ítems disponibles.

12 de Octubre 789 Ushuaia - Tel:  54(02901)441571
Horario de Atención: 8.00 a 17.00 hs. 
bibliotecaush@justierradelfuego.gov.ar
koha@justierradelfuego.gov.ar
Seguinos en nuestras redes @bibliojustdf 

Con tecnología Koha